£60bn rail upgrade will help deprived regions (Record no. 66535)
[ view plain ]
| 000 -LEADER | |
|---|---|
| fixed length control field | 00813cam a2200193 4500 |
| 001 - CONTROL NUMBER | |
| control field | WB3713-37 |
| 008 - FIXED-LENGTH DATA ELEMENTS--GENERAL INFORMATION | |
| fixed length control field | 000000n2001 000 0 eng u |
| 035 ## - SYSTEM CONTROL NUMBER | |
| System control number | (Sirsi) u111669 |
| 245 ## - TITLE STATEMENT | |
| Title | £60bn rail upgrade will help deprived regions |
| 260 ## - PUBLICATION, DISTRIBUTION, ETC. | |
| Date of publication, distribution, etc. | 2001 |
| 490 ## - SERIES STATEMENT | |
| Series statement | Regeneration and Renewal |
| Volume/sequential designation | 23 March 11(1) |
| 520 ## - SUMMARY, ETC. | |
| Summary, etc. | Strategic Rail Authority agenda for the next decade includes plans to benefit many deprived areas of the UK. Improvements include better links to Hackney, King's Cross and Paddington and there are other schemes to upgrade services to Leeds, Sheffield and Manchester. To view the SRA report visit www.sra.gov.uk. |
| 590 ## - LOCAL NOTE (RLIN) | |
| Local note | WB |
| 650 ## - SUBJECT ADDED ENTRY--TOPICAL TERM | |
| Topical term or geographic name entry element | STRATEGIC RAIL AUTHORITY |
| 650 ## - SUBJECT ADDED ENTRY--TOPICAL TERM | |
| Topical term or geographic name entry element | RAIL NETWORK |
| 650 ## - SUBJECT ADDED ENTRY--TOPICAL TERM | |
| Topical term or geographic name entry element | RAIL PROJECTS |
| 690 ## - LOCAL SUBJECT ADDED ENTRY--TOPICAL TERM (OCLC, RLIN) | |
| Topical term or geographic name as entry element | TRANSPORT AND COMMUNICATIONS |
| 942 ## - ADDED ENTRY ELEMENTS (KOHA) | |
| Suppress in OPAC | 0 |
| Withdrawn status | Lost status | Source of classification or shelving scheme | Damaged status | Not for loan | Home library | Current library | Shelving location | Date acquired | Total Checkouts | Full call number | Barcode | Date last seen | Copy number | Price effective from | Koha item type |
|---|---|---|---|---|---|---|---|---|---|---|---|---|---|---|---|
| Dewey Decimal Classification | London | London | News article | 28/03/2001 | WB3713-37 | 111669-1001 | 06/08/2019 | 1 | 06/08/2019 | News article | |||||
| Dewey Decimal Classification | London | London | News article | 28/03/2001 | WB3713-37 | 111669-1002 | 06/08/2019 | 2 | 06/08/2019 | News article |